All Countries with gen 1 coverage - Statistics

General Stats
  • This quiz has been taken 2 times
  • The average score is 6 of 10
Answer Stats
Country % Correct
Australia
100%
Canada
100%
New Zealand
100%
USA
100%
France
50%
Iraq
50%
Japan
50%
Mexico
50%
Alaska
0%
Monaco
0%
No matching quizzes found
Score Distribution
Percent of People with Each Score
Percentile by Number Answered
Your Score History
You have not taken this quiz